00926cam a2200253 a 45000010005000000030008000050050017000130080039000300350014000690350018000830400023001010410008001240510077001320510125002090820020003341000038003542450053003922600043004453000026004885000056005146500024005706500024005947100054006183720BD-RjUL20211208233756.0131219s1962 enk 000 0 eng a(BD-RjUL) a(OCoLC)381884 aDLCcDLCdDLCbeng aeng aHX36b.C35 1963 Copy 2cGift of Paul Avrich, Aug. 26, 1986. Dust jacket. aHX36b.C35 1963 Copy 3cAdditional gift: Estate of Paul Avrich, 2006. Handwritten notes and annotations throughout text. a323.2bCAS 19621 aCarr, Edward Hallett,d1892-1982.10aStudies in revolution /cby Edward Hallett Carr. aLondon :bFrank Cass,c1962 [i.e.1963] avii, 226 p. ;c19 cm. aImprint covered by label: New York, Barnes & Noble. 0aSocialismxHistory. 0aCommunismxHistory.2 aPaul Avrich Collection (Library of Congress)5DLC